Engineering Mathematics Handbook (Record no. 1563)

MARC details
005 - DATE AND TIME OF LATEST TRANSACTION
control field 20250623101038.0
020 ## - INTERNATIONAL STANDARD BOOK NUMBER
International Standard Book Number 07-0654430-1
082 ## - DEWEY DECIMAL CLASSIFICATION NUMBER
Classification number LM 512.1 TUM
100 ## - MAIN ENTRY--PERSONAL NAME
Author name TUMA, J. J.
245 ## - TITLE STATEMENT
Title Engineering Mathematics Handbook
260 ## - PUBLICATION, DISTRIBUTION, ETC.
Place of publication, distribution, etc. New York,
Name of publisher, distributor, etc. McGraw-Hill Book Company
Date of publication, distribution, etc. 1980
300 ## - PHYSICAL DESCRIPTION
Extent xii,334p.: ill.; table;
Other physical details Index,
Dimensions 26cm.
942 ## - ADDED ENTRY ELEMENTS (KOHA)
Source of classification or shelving scheme Dewey Decimal Classification
Koha item type Books
Holdings
Date last seen Total checkouts Full call number Barcode Cost, replacement price Price effective from Koha item type Lost status Source of classification or shelving scheme Damaged status Not for loan Withdrawn status Home library Current library Shelving location Date acquired Cost, normal purchase price
04/17/2025   LM 512.1 TUM 0000004286 39000.00 04/17/2025 Books   Dewey Decimal Classification       College of Business Education Main Library College of Business Education Main Library General Collection 04/17/2005 13000.00